New homes figures 'an underestimate' (Record no. 64853)
[ view plain ]
| 000 -LEADER | |
|---|---|
| fixed length control field | 00856cam a2200217 4500 |
| 001 - CONTROL NUMBER | |
| control field | WB3639-18 |
| 008 - FIXED-LENGTH DATA ELEMENTS--GENERAL INFORMATION | |
| fixed length control field | 000000n2000 000 0 eng u |
| 035 ## - SYSTEM CONTROL NUMBER | |
| System control number | (Sirsi) u108628 |
| 245 ## - TITLE STATEMENT | |
| Title | New homes figures 'an underestimate' |
| 260 ## - PUBLICATION, DISTRIBUTION, ETC. | |
| Date of publication, distribution, etc. | 2000 |
| 490 ## - SERIES STATEMENT | |
| Series statement | Housing Today |
| Volume/sequential designation | (203) 28 September 2000, 5(1) |
| 520 ## - SUMMARY, ETC. | |
| Summary, etc. | According to new research by a team at Cambridge University, an extra 50,000 homes a year must be provided across the south east to meet future housing needs. The report "Housing need in the south east and London: an update" is available, priced £7.50, from Cambridge Housing and Planning Research. Tel: 01223 337118 |
| 590 ## - LOCAL NOTE (RLIN) | |
| Local note | WB |
| 650 ## - SUBJECT ADDED ENTRY--TOPICAL TERM | |
| Topical term or geographic name entry element | PROPERTY RESEARCH |
| 650 ## - SUBJECT ADDED ENTRY--TOPICAL TERM | |
| Topical term or geographic name entry element | HOUSE BUILDING |
| 650 ## - SUBJECT ADDED ENTRY--TOPICAL TERM | |
| Topical term or geographic name entry element | SOUTH EAST ENGLAND |
| 650 ## - SUBJECT ADDED ENTRY--TOPICAL TERM | |
| Topical term or geographic name entry element | FORECASTS |
| 650 ## - SUBJECT ADDED ENTRY--TOPICAL TERM | |
| Topical term or geographic name entry element | HOUSEHOLD PROJECTIONS |
| 690 ## - LOCAL SUBJECT ADDED ENTRY--TOPICAL TERM (OCLC, RLIN) | |
| Topical term or geographic name as entry element | HOUSING |
| 942 ## - ADDED ENTRY ELEMENTS (KOHA) | |
| Suppress in OPAC | 0 |
| Withdrawn status | Lost status | Source of classification or shelving scheme | Damaged status | Not for loan | Home library | Current library | Shelving location | Date acquired | Total Checkouts | Full call number | Barcode | Date last seen | Copy number | Price effective from | Koha item type |
|---|---|---|---|---|---|---|---|---|---|---|---|---|---|---|---|
| Dewey Decimal Classification | London | London | News article | 04/10/2000 | WB3639-18 | 108628-1001 | 06/08/2019 | 1 | 06/08/2019 | News article |